<?xml version="1.0" encoding="UTF-8"?>
<resp>
  <nextPage>https://data.bn.org.pl/api/networks/bibs.marcxml?marc=001+b00001150001115&amp;sinceId=1150001116</nextPage>
  <collection>
    <record xmlns='http://www.loc.gov/MARC21/slim'><leader>01028namZa2200325ZiZ4500</leader><controlfield tag='001'>b00001150001115</controlfield><controlfield tag='005'>20241203220110.4</controlfield><controlfield tag='008'>230609s        pl           |000 0 pol c</controlfield><controlfield tag='009'>9913262142705606</controlfield><datafield ind1=' ' ind2=' ' tag='020'><subfield code='a'>8301103620</subfield></datafield><datafield ind1=' ' ind2=' ' tag='035'><subfield code='a'>KR_1KR_1_20120318000924009923-48omnis_kr</subfield></datafield><datafield ind1=' ' ind2=' ' tag='035'><subfield code='a'>KR_1_20120318000924009923</subfield><subfield code='9'>ExL</subfield></datafield><datafield ind1=' ' ind2=' ' tag='035'><subfield code='a'>(PL)b00001150001115</subfield></datafield><datafield ind1=' ' ind2=' ' tag='040'><subfield code='a'>KR_1</subfield><subfield code='c'>KR_1</subfield></datafield><datafield ind1='1' ind2=' ' tag='041'><subfield code='a'>pol</subfield><subfield code='h'>ger</subfield></datafield><datafield ind1='1' ind2=' ' tag='100'><subfield code='a'>Fritsch, Ulrich</subfield></datafield><datafield ind1='1' ind2='0' tag='245'><subfield code='a'>Jak zostać akcjonariuszem /</subfield><subfield code='c'>Ulrich Fritsch ; [tł. Michał Rusiński].</subfield></datafield><datafield ind1=' ' ind2=' ' tag='260'><subfield code='a'>Warszawa :</subfield><subfield code='b'>Wydaw. Naukowe PWN,</subfield><subfield code='c'>1992.</subfield></datafield><datafield ind1=' ' ind2=' ' tag='300'><subfield code='a'>113 s. :</subfield><subfield code='b'>faks., fot., rys., wykr. ;</subfield><subfield code='c'>21 cm.</subfield></datafield><datafield ind1='1' ind2=' ' tag='490'><subfield code='a'>Ekonomia Na Co Dzień</subfield></datafield><datafield ind1=' ' ind2=' ' tag='500'><subfield code='a'>n</subfield></datafield><datafield ind1=' ' ind2='9' tag='650'><subfield code='a'>Papiery wartościowe</subfield><subfield code='v'>poradnik</subfield></datafield><datafield ind1=' ' ind2='9' tag='650'><subfield code='a'>Spółki akcyjne</subfield><subfield code='v'>poradnik</subfield></datafield><datafield ind1='1' ind2=' ' tag='700'><subfield code='a'>Rusiński, Michał</subfield><subfield code='e'>Tł.</subfield></datafield><datafield ind1=' ' ind2=' ' tag='852'><subfield code='b'>48OMNIS_NETWORK</subfield><subfield code='8'>9913262142705606</subfield></datafield><datafield ind1=' ' ind2=' ' tag='852'><subfield code='b'>48OMNIS_KR</subfield><subfield code='8'>991000011149708216</subfield></datafield><datafield ind1=' ' ind2=' ' tag='920'><subfield code='a'>83-01-10362-0</subfield></datafield></record>
  </collection>
</resp>
